|
|
|
|
| LEADER |
00000nam a2200000 a 4500 |
| 001 |
vtls011535268 |
| 003 |
SK-MaSNL |
| 005 |
20260302051646.0 |
| 008 |
240318s2015 xo oa e n 000 0 slo |
| 015 |
|
|
|a SNBA2016/04
|
| 020 |
|
|
|a 9788081810374
|q (viaz.)
|
| 035 |
|
|
|a urn:nbn:sk:snk-am00bd59
|
| 035 |
|
|
|a urn:nbn:sk:snk-am3h9ih
|
| 035 |
|
|
|a 58A8B1AA-A55E-45FB-BFA1-9A9CE733C06E
|
| 040 |
|
|
|a SNK
|b slo
|c SNK
|e AACR2
|
| 041 |
0 |
|
|a slo
|
| 044 |
|
|
|a xo
|c SK
|
| 072 |
|
7 |
|a 656.6/.7
|x Vodná a letecká doprava
|2 konspekt
|
| 080 |
|
|
|a 656.7
|2 2011
|
| 080 |
|
|
|a (075.8)
|2 2011
|
| 100 |
1 |
|
|a Blaško, Peter
|4 aut
|9 8133
|
| 245 |
1 |
0 |
|a Prevádzkové postupy
|c Peter Blaško
|
| 250 |
|
|
|a 1. vyd.
|
| 260 |
|
|
|a Bratislava
|b Dolis
|c 2015
|
| 300 |
|
|
|a 184 s.
|b fotogr., ilustr., tab.
|c 26 cm
|
| 366 |
|
|
|e 150 výt.
|
| 504 |
|
|
|a Bibliogr.: s. 184 ; zoz. obr. a tab. ; zoz. skrat.
|
| 650 |
0 |
7 |
|a letová prevádzka
|2 SNKPH
|9 68907
|
| 650 |
0 |
7 |
|a Air traffic
|2 SNKPHeng
|9 313263
|
| 655 |
|
7 |
|a učebnice vysokých škôl
|2 SNKPH
|9 70191
|
| 655 |
|
7 |
|a Textbooks (higher)
|2 SNKPHeng
|9 276436
|
| 919 |
|
|
|a 978-80-8181-037-4
|
| 958 |
|
|
|a NB
|
| 999 |
|
|
|c 1102023
|d 1103953
|
| 952 |
|
|
|a SNK
|b SNK
|y PREZ
|7 0
|p 17A1183265
|o snkSB 89829
|i snk2016/7515
|8 0
|0 0
|1 0
|4 0
|d 2016-03-16
|f 1
|l 0
|r 2025-05-12 00:00:00
|w 2026-02-24
|
| 952 |
|
|
|a SNK
|b SNK
|y VYP
|7 0
|p 17A1183266
|o snkSB 89829 D1
|i snk2016/7516
|8 0
|0 0
|1 0
|4 0
|d 2016-03-16
|l 0
|r 2026-02-24 17:34:10
|w 2026-02-24
|